[Event "Linares Anibal op 8th"]
[Site "Linares"]
[Date "2001.01.11"]
[Round "4"]
[White "Avrukh, Boris"]
[Black "Skripchenko Lautier, Almira"]
[Result "1-0"]
[WhiteElo "2625"]
[BlackElo "2440"]
[PlyCount "41"]
[EventDate "2001.01.08"]
[Source "ChessBase"]
[SourceDate "2001.03.20"]

1. e4 e5 2. Bc4 Nf6 3. d4 exd4 4. Nf3 Nxe4 5. Qxd4 Nf6 6. Nc3 c6 7. Bg5 d5 8. O-O-O Be7 9. Qh4 Nbd7 10. Rhe1 dxc4 11. Bxf6 gxf6 12. Ne4 O-O 13. Ng3 Kh8 14. Nf5 Bc5 15. Qh5 c3 16. Re4 Qb6 17. b3 Rg8 18. Qxf7 Qa5 19. Rxd7 Ba3+ 20. Kb1 Qxf5 21. Re8 1-0

[Event "DK Bramming SSDF"]
[Site "?"]
[Date "1997.??.??"]
[Round "?"]
[White "MChess 6/P200MMX 60MB"]
[Black "Rebel 9/P90 10MB"]
[Result "1-0"]
[WhiteElo "2515"]
[BlackElo "2465"]
[PlyCount "145"]
[EventDate "1997.??.??"]
[Source "www.chesslib.no"]
[SourceDate "2004.05.04"]

1. e4 e5 2. Bc4 Nf6 3. d4 exd4 4. Nf3 Nxe4 5. Qxd4 Nf6 6. Nc3 c6 7. Bg5 d5 8. O-O-O Be7 9. Rhe1 Be6 10. Qh4 Nbd7 11. Bd3 Nc5 12. Nd4 Ng8 13. f4 Bxg5 14. fxg5 Ne7 15. Kb1 Nxd3 16. Rxd3 Ng6 17. Qh3 O-O 18. Nxe6 fxe6 19. Qxe6+ Kh8 20. Qg4 Qc8 21. Qd4 c5 22. Qa4 Rf4 23. Qa3 d4 24. Nd1 Rf5 25. h4 Nxh4 26. Rh3 Ng6 27. Reh1 Nf8 28. Rxh7+ Nxh7 29. Qh3 Kg8 30. g6 Qe6 31. Rf1 Ng5 32. Qxf5 Qxf5 33. Rxf5 Ne6 34. Re5 Re8 35. Kc1 b6 36. c3 a6 37. cxd4 cxd4 38. Kd2 Kf8 39. Nf2 Nd8 40. Rd5 Nc6 41. Rd6 Rc8 42. b3 Ke8 43. Kd3 Ke7 44. Ne4 b5 45. a3 Rc7 46. Rd5 b4 47. a4 Ke6 48. Rh5 a5 49. Kc4 Ne7+ 50. Nc5+ Kf6 51. Kb5 Kxg6 52. Rh4 Rc8 53. Rxd4 Rb8+ 54. Ka6 Ra8+ 55. Kb6 Kf7 56. Rd3 Kf6 57. Na6 Ke5 58. Kxa5 Nd5 59. Kb5 Rc8 60. a5 g6 61. Nc5 Rh8 62. a6 Rh7 63. Rg3 Kf5 64. Kc4 Nf4 65. Kxb4 Ne2 66. Rf3+ Kg4 67. Nd3 Kg5 68. Kc5 Re7 69. b4 Nc3 70. Nf4 Ne2 71. Nh3+ Kh4 72. b5 Re5+ 73. Kb6 1-0

[Event "Prague Vysehrad"]
[Site "Prague CZE"]
[Date "1989.??.??"]
[Round "9"]
[White "Hausner, Ivan"]
[Black "Szymczak, Zbigniew"]
[Result "1-0"]
[WhiteElo "2445"]
[BlackElo "2400"]
[PlyCount "29"]
[EventDate "1989.??.??"]
[Source "www.chesslib.no"]
[SourceDate "2004.05.04"]

1. e4 e5 2. Bc4 Nf6 3. d4 exd4 4. Nf3 Nxe4 5. Qxd4 Nf6 6. Bg5 Be7 7. Nc3 O-O 8. O-O-O h6 9. Qh4 d6 10. Bxh6 gxh6 11. Qxh6 Nh7 12. h4 Nc6 13. Bd3 f5 14. Bc4+ Kh8 15. Ng5 1-0

[Event "White Nights op"]
[Site "St Petersburg"]
[Date "1999.??.??"]
[Round "2"]
[White "Fedorov, Alexei"]
[Black "Marinin, Viktor"]
[Result "0-1"]
[WhiteElo "2648"]
[BlackElo "2178"]
[PlyCount "68"]
[EventDate "1999.06.??"]
[Source "www.chesslib.no"]
[SourceDate "2004.05.04"]

1. e4 e5 2. Bc4 Nf6 3. d4 exd4 4. Nf3 Be7 5. e5 Ne4 6. Qxd4 Ng5 7. Bxg5 Bxg5 8. Qd5 O-O 9. e6 Bf6 10. exf7+ Kh8 11. O-O c6 12. Qh5 g6 13. Qh6 Bg7 14. Qe3 d5 15. Bd3 Rxf7 16. Re1 Nd7 17. Ng5 Rf6 18. Nd2 Nf8 19. Ndf3 h6 20. Nh3 Bxh3 21. gxh3 Ne6 22. Ne5 Nf4 23. Ng4 Rf8 24. Qg3 Qd7 25. Qh4 g5 26. Qg3 Rae8 27. h4 h5 28. Rxe8 Qxe8 29. Ne3 Be5 30. Kf1 Nxd3 31. Qxg5 Bf4 32. Qg2 Bxe3 33. cxd3 Rxf2+ 34. Qxf2 Bxf2 0-1

[Event "Corr"]
[Site "?"]
[Date "2001.11.01"]
[Round "?"]
[White "Zavanelli Max E"]
[Black "Harding Timothy David (IRL)"]
[Result "1/2-1/2"]
[WhiteElo "2406"]
[BlackElo "2404"]
[PlyCount "72"]
[EventDate "2001.??.??"]
[Source "www.chesslib.no"]
[SourceDate "2004.05.04"]

1. e4 e5 2. Bc4 Nf6 3. d4 exd4 4. Nf3 Nxe4 5. Qxd4 Nf6 6. Bg5 Be7 7. Nc3 Nc6 8. Qh4 d6 9. O-O-O Be6 10. Bd3 Nd7 11. Qg3 Nde5 12. Bxe7 Qxe7 13. Nxe5 Nxe5 14. Be4 Qf6 15. Bxb7 Rb8 16. Bd5 O-O 17. Rhe1 Rfe8 18. Bxe6 fxe6 19. Re4 Rf8 20. f3 Nd7 21. Qh4 Qf7 22. Rdd4 d5 23. Rf4 Nf6 24. Ra4 e5 25. Rfb4 Rxb4 26. Qxb4 Qg6 27. b3 Qxg2 28. Kb2 d4 29. Qc4+ Kh8 30. Nb5 Qxf3 31. Qxc7 d3 32. Qd6 Nd5 33. cxd3 Rf6 34. Qb8+ Rf8 35. Qd6 Rf6 36. Qd8+ Rf8 1/2-1/2

[Event "Tel Aviv Open"]
[Site "Tel Aviv ISR"]
[Date "1990.??.??"]
[Round "?"]
[White "Tseitlin, Mark D"]
[Black "Lev, Ronen"]
[Result "1-0"]
[WhiteElo "2415"]
[BlackElo "2390"]
[PlyCount "91"]
[EventDate "1990.??.??"]
[Source "www.chesslib.no"]
[SourceDate "2004.05.04"]

1. e4 e5 2. Bc4 Nf6 3. d4 exd4 4. Nf3 Nxe4 5. Qxd4 Nf6 6. Bg5 Be7 7. Nc3 c6 8. O-O-O d5 9. Rhe1 Be6 10. Qh4 Nbd7 11. Nd4 Nc5 12. f4 O-O 13. Bd3 Re8 14. Bf5 Bxf5 15. Nxf5 Ncd7 16. Rd3 g6 17. Nxe7+ Rxe7 18. Rf1 b5 19. f5 b4 20. Nd1 Re4 21. g4 Rxg4 22. Qxg4 Nxg4 23. Bxd8 Rxd8 24. Rd4 Nde5 25. h3 Nh2 26. Rf2 Nhf3 27. Rxb4 Ng5 28. Rg2 Ne4 29. Rb7 Nd6 30. Re7 Nd7 31. fxg6 hxg6 32. Re3 Nf5 33. Ra3 Ra8 34. Ra6 c5 35. Nc3 Nb6 36. a4 d4 37. Ne4 c4 38. Nf6+ Kg7 39. a5 Na4 40. Re2 Rd8 41. Re8 Rd6 42. Rxd6 Nxd6 43. Rd8 Nb7 44. Ne8+ Kf8 45. Ra8 Nxa5 46. Nc7+ 1-0

[Event "Tivat Open"]
[Site "Tivat"]
[Date "1995.??.??"]
[Round "1"]
[White "Benderac, Srdjan"]
[Black "Timoshenko, Georgy"]
[Result "0-1"]
[WhiteElo "2245"]
[BlackElo "2555"]
[PlyCount "50"]
[EventDate "1995.??.??"]
[Source "www.chesslib.no"]
[SourceDate "2004.05.04"]

1. e4 e5 2. Bc4 Nf6 3. d4 Nc6 4. dxe5 Nxe5 5. Bb3 Bb4+ 6. Nc3 O-O 7. Bg5 h6 8. Bh4 a5 9. a3 Bxc3+ 10. bxc3 a4 11. Ba2 Re8 12. Ne2 Ng6 13. Bxf6 Qxf6 14. O-O Rxe4 15. Ng3 Re7 16. f4 Nf8 17. f5 Re5 18. Nh5 Qg5 19. h4 Qe3+ 20. Kh1 Re4 21. g3 c6 22. Qd6 Qxc3 23. f6 g6 24. Qe7 d5 25. Rae1 Rxe1 0-1

[Event "It (open)"]
[Site "Barbera (Spain)"]
[Date "2007.07.09"]
[Round "4"]
[White "Garcia Jimenez Fransisco J (E"]
[Black "Gonzalez Yuri (CUB)"]
[Result "0-1"]
[WhiteElo "2287"]
[BlackElo "2475"]
[PlyCount "68"]
[EventDate "2007.??.??"]
[Source "www.chesslib.no"]
[SourceDate "2004.05.04"]

1. e4 e5 2. Bc4 Nf6 3. d4 Nxe4 4. dxe5 c6 5. Qe2 Nc5 6. f4 b5 7. Bd3 Be7 8. Be3 Nxd3+ 9. cxd3 O-O 10. Nc3 d6 11. d4 f6 12. Rd1 Qa5 13. Nf3 Bg4 14. O-O fxe5 15. dxe5 dxe5 16. fxe5 Nd7 17. e6 Ne5 18. Bd4 Nxf3+ 19. gxf3 Bh3 20. Rfe1 b4 21. Ne4 Qf5 22. Rd3 Rad8 23. Ng3 Qg6 24. Red1 Rd6 25. Bxa7 Rxe6 26. Re3 Rxe3 27. Bxe3 Qf7 28. Ne4 Qxf3 29. Qxf3 Rxf3 30. Bg5 Bf8 31. Nf2 Bc5 32. Bh4 g5 33. Bg3 h5 34. Rd2 Re3 0-1

[Event "WC.2000.S.00003"]
[Site "?"]
[Date "1999.??.??"]
[Round "?"]
[White "Koch Christian"]
[Black "Muttoni Guillermo Cesar"]
[Result "1-0"]
[WhiteElo "2400"]
[BlackElo "2360"]
[PlyCount "105"]
[EventDate "1999.??.??"]
[Source "www.chesslib.no"]
[SourceDate "2004.05.04"]

1. e4 e5 2. Bc4 Nf6 3. d4 exd4 4. Qxd4 Nc6 5. Qe3 Bb4+ 6. c3 Ba5 7. Qg3 Qe7 8. Ne2 d6 9. Na3 Ne5 10. O-O Bg4 11. f3 Be6 12. Bxe6 fxe6 13. Bg5 Bb6+ 14. Nd4 O-O 15. Rad1 Qf7 16. Be3 Ng6 17. Ndc2 Nh5 18. Qe1 e5 19. b3 Nhf4 20. Nc4 Bxe3+ 21. N2xe3 Ne7 22. a4 Rae8 23. Qd2 Qh5 24. b4 a6 25. Nb2 Rf6 26. Nd3 Neg6 27. Nxf4 Nxf4 28. c4 Ref8 29. Ng4 Re6 30. c5 dxc5 31. bxc5 Rc6 32. Qa2+ Kh8 33. g3 Ne6 34. Rd5 Rxc5 35. Nxe5 Qe8 36. f4 b6 37. Re1 a5 38. Rd3 Ng5 39. Kh1 Qa8 40. Rde3 Re8 41. Nd3 Nxe4 42. Qg2 Rc4 43. Ne5 Rxa4 44. Kg1 Qd5 45. Rxe4 Rxe4 46. Rxe4 Qd1+ 47. Kf2 Kg8 48. Re2 Qd6 49. Qe4 b5 50. Rb2 b4 51. Qc4+ Qe6 52. Ra2 Qxc4 53. Nxc4 1-0

[Event "Budapest FS02 GM"]
[Site "Budapest"]
[Date "1997.??.??"]
[Round "4"]
[White "Wapner, Jonathan"]
[Black "Lukacs, Peter"]
[Result "0-1"]
[WhiteElo "2290"]
[BlackElo "2470"]
[PlyCount "72"]
[EventDate "1997.02.??"]
[Source "ChessBase"]

1. e4 e5 2. Bc4 Nf6 3. d4 exd4 4. Nf3 Nxe4 5. Qxd4 Nf6 6. Bg5 Be7 7. Nc3 c6 8. O-O-O d5 9. Rhe1 Be6 10. Qh4 Nbd7 11. Nd4 Nc5 12. f4 Nfd7 13. Bxe7 Qxe7 14. Qxe7+ Kxe7 15. b4 dxc4 16. f5 Na6 17. fxe6 Nb6 18. exf7+ Kxf7 19. Rf1+ Kg6 20. Nf3 h6 21. Ne5+ Kh7 22. Rf7 Rhe8 23. Nf3 Nxb4 24. Rxb7 N4d5 25. Nxd5 Nxd5 26. Nd4 Ne3 27. Re1 c5 28. Nf3 c3 29. Rc7 c4 30. Rd7 Nxg2 31. Rg1 Re2 32. Nd4 Rf2 33. Ne6 Rg8 34. Rc7 Ne3 35. Nxg7 Kh8 36. Re7 Rxc2+ 0-1

[Event "X Open internazionale"]
[Site "Banyoles SPA"]
[Date "2007.08.17"]
[Round "2"]
[White "Barrenechea Bahamonde, Gustavo"]
[Black "Marin, Mihail"]
[Result "0-1"]
[WhiteElo "2220"]
[BlackElo "2533"]
[PlyCount "48"]
[EventDate "2007.08.16"]
[Source "www.chesslib.no"]
[SourceDate "2004.05.04"]

1. e4 e5 2. Bc4 Nf6 3. d4 exd4 4. Nf3 Bc5 5. e5 d5 6. exf6 dxc4 7. fxg7 Rg8 8. Bg5 Be7 9. Qe2 Nc6 10. O-O Be6 11. Bxe7 Qxe7 12. Nbd2 Rxg7 13. Nxc4 O-O-O 14. Rfe1 Qf6 15. Ncd2 Bd5 16. Rac1 h5 17. c4 dxc3 18. bxc3 h4 19. g3 Rh8 20. c4 hxg3 21. cxd5 gxh2+ 22. Kh1 Rg1+ 23. Rxg1 hxg1=R+ 24. Kxg1 Qg7+ 0-1

[Event "Las Palmas-D"]
[Site "Las Palmas ESP"]
[Date "1994.??.??"]
[Round "?"]
[White "Sanchez, Raul"]
[Black "Reyes, Juan"]
[Result "0-1"]
[WhiteElo "2315"]
[BlackElo "2430"]
[PlyCount "68"]
[EventDate "1994.??.??"]
[Source "www.chesslib.no"]
[SourceDate "2004.05.04"]

1. e4 e5 2. Bc4 Nf6 3. d4 exd4 4. Qxd4 Nc6 5. Qe3 Bb4+ 6. Bd2 O-O 7. Bxb4 Nxb4 8. Qb3 Qe7 9. Ne2 Nxe4 10. O-O Nc6 11. Bd5 Nf6 12. Bxc6 bxc6 13. Ng3 d5 14. Nd2 Be6 15. Qc3 c5 16. Rfe1 c4 17. Nf3 c5 18. Rad1 Qb7 19. Qe5 Rfe8 20. b3 cxb3 21. axb3 h6 22. Qf4 a5 23. Ne5 c4 24. Re3 cxb3 25. cxb3 d4 26. Qxd4 Bxb3 27. Rb1 Qd5 28. Qf4 Bc2 29. Rbe1 Re6 30. Ng4 Nxg4 31. Rxe6 fxe6 32. Qxg4 Bf5 33. Nxf5 exf5 34. Qg6 Qd2 0-1

[Event "corr IC1998F.001"]
[Site "?"]
[Date "1998.??.??"]
[Round "?"]
[White "Burkett, Max"]
[Black "Fester, Albrecht"]
[Result "1/2-1/2"]
[WhiteElo "2285"]
[BlackElo "2460"]
[PlyCount "85"]
[EventDate "1998.??.??"]
[Source "www.chesslib.no"]
[SourceDate "2004.05.04"]

1. e4 e5 2. Bc4 Nf6 3. d4 exd4 4. Nf3 Nxe4 5. Qxd4 Nf6 6. Nc3 c6 7. Bg5 d5 8. O-O-O Be7 9. Rhe1 Be6 10. Bd3 Nbd7 11. Qh4 Nc5 12. Nd4 Ng8 13. Bxe7 Qxe7 14. Qg3 Qf6 15. Be2 Nh6 16. Bf3 Rd8 17. b4 Na6 18. b5 Nc5 19. bxc6 bxc6 20. Qc7 O-O 21. Qxc6 Rc8 22. Qd6 Nf5 23. Nxd5 Qg5+ 24. Qf4 Qxf4+ 25. Nxf4 Nxd4 26. Rxd4 Bxa2 27. Kb2 Ne6 28. Ra4 Nxf4 29. Rxa2 Rc7 30. Re3 Ne6 31. Rea3 Nd4 32. Be4 Rb8+ 33. Kc1 Nb3+ 34. Kd1 Nc5 35. Bd5 Rd8 36. c4 a6 37. Rb2 Kf8 38. Kd2 Ke7 39. Ke3 Rd6 40. Ke2 Nd7 41. Re3+ Kf8 42. Rf3 Nb6 43. c5 1/2-1/2

[Event "Moscow RUS"]
[Site "?"]
[Date "1991.??.??"]
[Round "6"]
[White "Moldavsky Roman S"]
[Black "Kodinets Konstantin L"]
[Result "0-1"]
[WhiteElo "2320"]
[BlackElo "2409"]
[PlyCount "54"]
[EventDate "1991.??.??"]
[Source "www.chesslib.no"]
[SourceDate "2004.05.04"]

1. e4 e5 2. Bc4 Nf6 3. d4 exd4 4. Nf3 d5 5. exd5 Bb4+ 6. c3 Qe7+ 7. Be2 dxc3 8. bxc3 Bc5 9. O-O O-O 10. Bg5 Bg4 11. Nbd2 Nbd7 12. h3 Bh5 13. Re1 h6 14. Bh4 Qd6 15. c4 g5 16. Bxg5 hxg5 17. Nxg5 Bg6 18. Qb3 Qf4 19. Ndf3 Ne5 20. Rad1 Nxf3+ 21. Nxf3 Ne4 22. Rf1 Rae8 23. Bd3 Bd6 24. Bxe4 Bxe4 25. Qe3 Bxf3 26. Qxf4 Bxf4 27. gxf3 Bd6 0-1

[Event "AUT-chT 9697"]
[Site "Austria"]
[Date "1997.??.??"]
[Round "10"]
[White "Volkmann, Friedrich Karl"]
[Black "Penz, Harald"]
[Result "1/2-1/2"]
[WhiteElo "2380"]
[BlackElo "2340"]
[PlyCount "45"]
[EventDate "1996.??.??"]
[Source "ChessBase"]

1. e4 e5 2. Bc4 Nf6 3. d4 exd4 4. Nf3 d5 5. exd5 Bb4+ 6. Kf1 O-O 7. Qxd4 Nbd7 8. Bd3 Be7 9. c4 b5 10. cxb5 Nb6 11. Nc3 Bb7 12. d6 cxd6 13. a4 Nbd5 14. Nxd5 Bxd5 15. Bg5 Be6 16. Qh4 h6 17. Bxh6 gxh6 18. Qxh6 Rc8 19. Ra3 Re8 20. Qg5+ Kf8 21. Qh6+ Kg8 22. Qg5+ Kf8 23. Qh6+ 1/2-1/2

[Event "Corr"]
[Site "?"]
[Date "2001.09.01"]
[Round "?"]
[White "Serradimigni Robert (FRA)"]
[Black "Bulgarini Marco (CHI)"]
[Result "0-1"]
[WhiteElo "2354"]
[BlackElo "2347"]
[PlyCount "68"]
[EventDate "2001.??.??"]
[Source "www.chesslib.no"]
[SourceDate "2004.05.04"]

1. e4 e5 2. Bc4 Nf6 3. d4 exd4 4. Nf3 Nxe4 5. Qxd4 Nf6 6. Nc3 Be7 7. Bg5 c6 8. O-O-O d5 9. Qh4 Be6 10. Rhe1 Nbd7 11. Nd4 Nc5 12. f4 O-O 13. Bd3 Re8 14. Bf5 h6 15. Bxh6 gxh6 16. Bxe6 Nxe6 17. Nxe6 fxe6 18. Rxe6 Kf7 19. f5 Bf8 20. Rde1 Bg7 21. Qg3 Rxe6 22. fxe6+ Kg8 23. a3 Qe7 24. h4 Rf8 25. Kb1 Ne8 26. h5 Rf6 27. Qg4 Nc7 28. Qh4 Nxe6 29. Qg4 Qd6 30. Nd1 Qf4 31. Qxf4 Nxf4 32. g4 Re6 33. Re3 Rxe3 34. Nxe3 Kf7 0-1

[Event "IV Memorial Geller"]
[Site "Odessa UCR"]
[Date "2008.09.11"]
[Round "3"]
[White "Volovikov, An"]
[Black "Jakimov, V."]
[Result "0-1"]
[WhiteElo "2248"]
[BlackElo "2447"]
[PlyCount "48"]
[EventDate "2008.09.09"]
[Source "www.chesslib.no"]
[SourceDate "2004.05.04"]

1. e4 e5 2. Bc4 Nf6 3. d4 exd4 4. Nf3 Nxe4 5. Qxd4 Nf6 6. Bg5 Be7 7. Nc3 Nc6 8. Qh4 d5 9. O-O-O Be6 10. Rhe1 O-O 11. Bd3 h6 12. Bxh6 Ne4 13. Qf4 Bd6 14. Qe3 Bc5 15. Qf4 Nxf2 16. Qg3 Nxd3+ 17. Rxd3 Qf6 18. Bg5 Qf5 19. Nh4 Qf2 20. Bh6 Qxg3 21. Rxg3 Kh7 22. Bxg7 Bf2 23. Bf6 Bxe1 24. Rg7+ Kh6 0-1

[Event "Policka"]
[Site "Policka CZE"]
[Date "1992.??.??"]
[Round "?"]
[White "Hausner, Ivan"]
[Black "Weber, Siegfried"]
[Result "1-0"]
[WhiteElo "2410"]
[BlackElo "2270"]
[PlyCount "79"]
[EventDate "1992.??.??"]
[Source "www.chesslib.no"]
[SourceDate "2004.05.04"]

1. e4 e5 2. Bc4 Nf6 3. d4 exd4 4. Nf3 Nxe4 5. Qxd4 Nf6 6. Bg5 Be7 7. Nc3 c6 8. O-O-O d5 9. Rhe1 Be6 10. Qh4 Nbd7 11. Bd3 Nc5 12. Nd4 Nfd7 13. Bxe7 Qxe7 14. Qxe7+ Kxe7 15. f4 Nxd3+ 16. Rxd3 Nc5 17. Rde3 g6 18. b4 Na6 19. Nxe6 fxe6 20. Rxe6+ Kd8 21. Re7 d4 22. Na4 b6 23. a3 Nc7 24. Rg7 Ne8 25. Rge7 Nd6 26. R1e6 Re8 27. Rxe8+ Nxe8 28. Rxc6 Ke7 29. Nb2 Nf6 30. Rc7+ Ke6 31. Nd3 a6 32. Rg7 Kf5 33. h3 h5 34. Re7 Ne8 35. Re5+ Kf6 36. Rd5 Ke6 37. Rxd4 Nd6 38. g4 hxg4 39. hxg4 Re8 40. Nf2 1-0

[Event "Bagneux"]
[Site "?"]
[Date "2001.07.14"]
[Round "6.4"]
[White "Brochet Philippe"]
[Black "Sinkovics Peter"]
[Result "1-0"]
[WhiteElo "2369"]
[BlackElo "2301"]
[PlyCount "43"]
[EventDate "2001.??.??"]
[Source "www.chesslib.no"]
[SourceDate "2004.05.04"]

1. e4 e5 2. Bc4 Nf6 3. d4 exd4 4. Nf3 Nxe4 5. Qxd4 Nf6 6. Bg5 Be7 7. Nc3 Nc6 8. Qh4 d6 9. O-O-O Be6 10. Bd3 h6 11. Rhe1 Kd7 12. Bb5 hxg5 13. Bxc6+ Kc8 14. Qa4 Nd7 15. Bd5 Nc5 16. Qc4 a5 17. Nd4 Bxd5 18. Nxd5 Bf6 19. Nb5 Rh4 20. g4 Ne6 21. Nbxc7 Nxc7 22. Re8 1-0

[Event "Pays de Charleroi op"]
[Site "?"]
[Date "2003.08.26"]
[Round "5.2"]
[White "Schuermans Robert"]
[Black "Bergez Luc"]
[Result "0-1"]
[WhiteElo "2263"]
[BlackElo "2400"]
[PlyCount "70"]
[EventDate "2003.??.??"]
[Source "www.chesslib.no"]
[SourceDate "2004.05.04"]

1. e4 e5 2. Bc4 Nf6 3. d4 exd4 4. Nf3 Nxe4 5. Qxd4 Nf6 6. Nc3 c6 7. Bg5 Be7 8. O-O-O d5 9. Rhe1 Be6 10. Qh4 Nbd7 11. Bd3 Qa5 12. Nd4 O-O-O 13. Nxe6 fxe6 14. Rxe6 Bb4 15. Bd2 Nc5 16. Re2 Nxd3+ 17. cxd3 d4 18. Ne4 Bxd2+ 19. Rdxd2 Nxe4 20. Rxe4 Qxa2 21. Rxd4 Rxd4 22. Qxd4 Re8 23. Qg4+ Qe6 24. Qxg7 Rg8 25. Qxh7 Rxg2 26. Qe4 Rg1+ 27. Kc2 Qd6 28. Qf5+ Kb8 29. f4 Re1 30. Qf7 a5 31. f5 Qc5+ 32. Qc4 Qg1 33. Qf4+ Ka8 34. Qf2 Rc1+ 35. Kb3 Qg8+ 0-1

[Event "Budapest HUN"]
[Site "?"]
[Date "2000.07.22"]
[Round "4"]
[White "Kende Gyorgy"]
[Black "Lostuzzi Manlio"]
[Result "1-0"]
[WhiteElo "2236"]
[BlackElo "2422"]
[PlyCount "45"]
[EventDate "2000.??.??"]
[Source "www.chesslib.no"]
[SourceDate "2004.05.04"]

1. e4 e5 2. Bc4 Nf6 3. d4 exd4 4. Nf3 Nxe4 5. Qxd4 Nf6 6. Bg5 Be7 7. Nc3 c6 8. O-O-O d5 9. Qh4 Nbd7 10. Bd3 Nc5 11. Rhe1 Be6 12. Nd4 Qd7 13. f4 Kf8 14. f5 Nxd3+ 15. Rxd3 Bxf5 16. Rxe7 Kxe7 17. Rf3 Be6 18. Bxf6+ gxf6 19. Qxf6+ Kd6 20. Nf5+ Kc7 21. Qe5+ Kb6 22. Na4+ Ka5 23. Qc3+ 1-0

[Event "Bucharest Strange Badger"]
[Site "Bucharest"]
[Date "2001.08.06"]
[Round "2"]
[White "Manea, Alexandru"]
[Black "Tikhomirov, Sergei"]
[Result "1/2-1/2"]
[WhiteElo "2293"]
[BlackElo "2364"]
[PlyCount "71"]
[EventDate "2001.08.05"]
[Source "ChessBase"]
[SourceDate "2001.09.11"]

1. e4 e5 2. Bc4 Nf6 3. d4 Nc6 4. d5 Ne7 5. Nc3 Ng6 6. h4 d6 7. h5 Ne7 8. f3 c6 9. Bg5 cxd5 10. Bxd5 Nfxd5 11. Nxd5 h6 12. Bh4 Be6 13. c4 Bxd5 14. cxd5 Qa5+ 15. Qd2 Qxd2+ 16. Kxd2 Nc8 17. Ne2 Be7 18. Rac1 Kd7 19. Rc3 g6 20. Bf2 Bg5+ 21. Kd3 Ne7 22. g3 f5 23. f4 exf4 24. gxf4 Bf6 25. Bd4 fxe4+ 26. Kxe4 Rhf8 27. Rhc1 Rae8 28. Rc7+ Kd8 29. Bxf6 Rxf6 30. Rxb7 Nxd5+ 31. Kxd5 Rxe2 32. hxg6 Rxg6 33. Rcc7 Rxb2 34. Rd7+ Ke8 35. Rxa7 Rxa2 36. Rxa2 1/2-1/2

[Event "Rakovnik sim"]
[Site "?"]
[Date "2001.08.07"]
[Round "?"]
[White "Hausner Ivan"]
[Black "Satransky Jaroslav"]
[Result "1/2-1/2"]
[WhiteElo "2428"]
[BlackElo "2225"]
[PlyCount "85"]
[EventDate "2001.??.??"]
[Source "www.chesslib.no"]
[SourceDate "2004.05.04"]

1. e4 e5 2. Bc4 Nf6 3. d4 exd4 4. Nf3 Nxe4 5. Qxd4 Nf6 6. Bg5 Be7 7. Nc3 Nc6 8. Qh4 d6 9. O-O-O Be6 10. Bxe6 fxe6 11. Rhe1 Qc8 12. Ne4 e5 13. Nxf6+ Bxf6 14. Bxf6 gxf6 15. Qxf6 Rf8 16. Qg7 Qd7 17. Qxd7+ Kxd7 18. Nxe5+ Nxe5 19. Rxe5 Rxf2 20. Rg5 Re8 21. Rg7+ Kc6 22. Kb1 Ree2 23. Rc1 Rxg2 24. Rxh7 Rxh2 25. Rxh2 Rxh2 26. a4 Kc5 27. b3 c6 28. Kb2 d5 29. Rg1 d4 30. Rg3 a6 31. Rf3 b5 32. axb5 axb5 33. Kc1 Kb4 34. Rf4 c5 35. Kb2 Rd2 36. Rh4 Ka5 37. Kc1 Rg2 38. Rf4 Kb4 39. Kb2 Rd2 40. Rh4 c4 41. bxc4 bxc4 42. Rxd4 Rxd4 43. c3+ 1/2-1/2

[Event "Lost Boys op"]
[Site "Amsterdam"]
[Date "2001.08.10"]
[Round "1"]
[White "Roobol, Martin"]
[Black "Dutreeuw, Marc"]
[Result "1-0"]
[WhiteElo "2261"]
[BlackElo "2390"]
[PlyCount "79"]
[EventDate "2001.08.10"]
[Source "ChessBase"]
[SourceDate "2001.09.11"]

1. e4 e5 2. Bc4 Nf6 3. d4 exd4 4. Nf3 Nxe4 5. Qxd4 Nf6 6. Nc3 Nc6 7. Qh4 Ne7 8. Bg5 Ng6 9. Qd4 c6 10. O-O-O Be7 11. h4 d5 12. h5 Nf8 13. h6 g6 14. Nxd5 cxd5 15. Bb5+ Bd7 16. Bxf6 Bxf6 17. Rhe1+ Ne6 18. Qxd5 O-O 19. Bxd7 Qb6 20. Qb3 Qxb3 21. axb3 Nc7 22. Rd6 Bh8 23. c3 a5 24. Kc2 Ra6 25. Rxa6 Nxa6 26. Bb5 Nc7 27. Bc4 Bf6 28. Rd1 Re8 29. Rd7 Re7 30. Rd6 Ne6 31. Bxe6 Rxe6 32. Rxe6 fxe6 33. Nd2 Bg5 34. Nc4 Bxh6 35. Nxa5 b6 36. Nc6 Kf7 37. b4 Kf6 38. Kd3 Bc1 39. Nd4 Bxb2 40. Kc2 1-0

[Event "FIN-ch"]
[Site "Helsinki"]
[Date "2000.??.??"]
[Round "5"]
[White "Nyysti, Sampsa"]
[Black "Nouro, Mikael"]
[Result "1/2-1/2"]
[WhiteElo "2224"]
[BlackElo "2398"]
[PlyCount "30"]
[EventDate "2000.06.09"]
[Source "www.chesslib.no"]
[SourceDate "2004.05.04"]

1. e4 e5 2. Bc4 Nf6 3. d4 Nxe4 4. dxe5 c6 5. Qf3 d5 6. exd6 Nxd6 7. Bb3 Be7 8. Bf4 O-O 9. Ne2 Na6 10. Nbc3 Nf5 11. O-O Nc5 12. Ne4 Nh4 13. Qe3 Nf5 14. Qf3 Nh4 15. Qe3 Nf5 1/2-1/2

[Event "Geneve op"]
[Site "Geneve"]
[Date "1995.??.??"]
[Round "6"]
[White "Vianin, Pascal"]
[Black "Barkhagen, Jonas"]
[Result "0-1"]
[WhiteElo "2215"]
[BlackElo "2400"]
[PlyCount "68"]
[EventDate "1995.??.??"]
[Source "ChessBase"]

1. e4 e5 2. Bc4 Nf6 3. d4 exd4 4. Nf3 Bb4+ 5. c3 dxc3 6. bxc3 d5 7. exd5 Bd6 8. Qe2+ Qe7 9. Qxe7+ Bxe7 10. Bf4 Bd6 11. Bxd6 cxd6 12. Na3 Nbd7 13. Bb3 Nc5 14. Nc4 Ke7 15. Ne3 Ng4 16. O-O Nxe3 17. Rfe1 Bf5 18. Nd4 Kd7 19. Rxe3 Bg6 20. Rae1 Rhe8 21. f4 Rxe3 22. Rxe3 Be4 23. c4 Re8 24. Bc2 a6 25. Bxe4 Nxe4 26. Nb3 g6 27. Na5 f5 28. Nb3 Rc8 29. g4 Rxc4 30. gxf5 gxf5 31. Rh3 Nf6 32. Rg3 Rxf4 33. Rg7+ Kc8 34. Na5 Rg4+ 0-1

[Event "Karvina op"]
[Site "Karvina"]
[Date "1998.??.??"]
[Round "?"]
[White "Zimniok, Lubomir"]
[Black "Splosnov, Sergei"]
[Result "0-1"]
[WhiteElo "2265"]
[BlackElo "2335"]
[PlyCount "56"]
[EventDate "1998.??.??"]
[Source "www.chesslib.no"]
[SourceDate "2004.05.04"]

1. e4 e5 2. Bc4 Nf6 3. d4 exd4 4. Nf3 Nxe4 5. Qxd4 Nf6 6. Nc3 c6 7. Bg5 Be7 8. O-O-O d5 9. Rhe1 Be6 10. Bd3 Nbd7 11. Qh4 Nc5 12. Nd4 Ng8 13. Bxe7 Qxe7 14. Qg3 g6 15. f4 O-O-O 16. Bf1 Nh6 17. b4 Ne4 18. Nxe4 dxe4 19. Nxc6 bxc6 20. Ba6+ Kc7 21. f5+ Kb6 22. fxe6 Kxa6 23. Rxe4 Rxd1+ 24. Kxd1 Rd8+ 25. Kc1 Nf5 26. Qc3 Kb7 27. b5 cxb5 28. Re5 Nd4 0-1

[Event "FRA Team Ch"]
[Site "France"]
[Date "1989.??.??"]
[Round "?"]
[White "Neiman, Emmanuel"]
[Black "Macles, Jacques"]
[Result "1-0"]
[WhiteElo "2240"]
[BlackElo "2360"]
[PlyCount "61"]
[EventDate "1989.??.??"]
[Source "www.chesslib.no"]
[SourceDate "2004.05.04"]

1. e4 e5 2. Bc4 Nf6 3. d4 exd4 4. Nf3 Nxe4 5. Qxd4 Nf6 6. Bg5 Be7 7. Nc3 c6 8. O-O-O d5 9. Rhe1 Be6 10. Qh4 Nbd7 11. Bd3 Nc5 12. Nd4 Nfd7 13. Bxe7 Qxe7 14. Qxe7+ Kxe7 15. f4 g6 16. g4 Nxd3+ 17. Rxd3 Nc5 18. f5 Nxd3+ 19. cxd3 Kd6 20. fxe6 Rae8 21. Nf3 fxe6 22. d4 Rhf8 23. Re3 a6 24. Na4 Rf4 25. Nc5 Re7 26. h3 a5 27. Nd3 Re4 28. Kd2 b6 29. Nf2 Rxe3 30. Kxe3 c5 31. Nd3 1-0

[Event "34. NCC"]
[Site "?"]
[Date "2003.11.30"]
[Round "5"]
[White "Dougherty Michael"]
[Black "Lenderman Alex"]
[Result "1-0"]
[WhiteElo "2244"]
[BlackElo "2342"]
[PlyCount "63"]
[EventDate "2003.??.??"]
[Source "www.chesslib.no"]
[SourceDate "2004.05.04"]

1. e4 e5 2. Bc4 Nf6 3. d4 Nxe4 4. dxe5 Qe7 5. Qe2 Nc5 6. Nf3 h6 7. Nc3 c6 8. Be3 b5 9. Bb3 Nba6 10. O-O b4 11. Nb1 Nc7 12. Nbd2 Nxb3 13. axb3 a5 14. Nc4 Ba6 15. Rxa5 Qd8 16. Bb6 Bxc4 17. Qxc4 Rxa5 18. Bxa5 Qb8 19. Nd4 Qb7 20. Bxc7 Qxc7 21. f4 Qa7 22. Kh1 Bc5 23. Nf5 O-O 24. h3 Qb6 25. Qd3 d5 26. exd6 Rd8 27. Re1 Bf2 28. Rd1 Kh7 29. d7 g6 30. Qc4 gxf5 31. Qxf7+ Kh8 32. Rd6 1-0